000 00602nam a2200193Ia 4500
008 151121s9999||||xx |||||||||||||| ||und||
082 _a811/घाणेक
082 _bHNW-65304
100 _aमधुसूदन घाणेकर
245 _aमृगार्तवेळा
260 _bआरती कांबळे
260 _c--
300 _a64
600 _aमधुसूदन घाणेकर
630 _aमृगार्तवेळा
700 _aमधुसूदन घाणेकर
730 _aमृगार्तवेळा
942 _cBOOK
999 _c1246814
_d1246811